[Event "Minsk op"]
[Site "Minsk"]
[Date "2023.11.04"]
[Round "2"]
[White "Naumovich, Yaroslav"]
[Black "Arhipov, Roman"]
[Result "1-0"]
[WhiteElo "2124"]
[BlackElo "1563"]
[PlyCount "103"]
[EventDate "2023.11.03"]
[EventType "swiss"]
[EventRounds "9"]
[EventCountry "BLR"]
[SourceTitle "CB46_2023"]
[SourceDate "2023.11.15"]
[SourceVersion "1"]
[SourceVersionDate "2023.11.15"]
[SourceQuality "1"]

1. Nf3 Nf6 2. d4 e6 3. c4 b6 4. g3 Bb7 5. Bg2 Bb4+ 6. Nc3 0-0 7. Qb3 Bxc3+ 8. Qxc3 Be4 9. 0-0 d6 10. b3 Nbd7 11. Bb2 Qe7 12. Rad1 a5 13. Qe3 Rfe8 14. g4 d5 15. g5 Nh5 16. a4 f5 17. h4 Rf8 18. Qc1 Qf7 19. cxd5 Bxd5 20. Rd3 Be4 21. Rc3 c6 22. Ba3 Rfd8 23. Ne1 Bxg2 24. Nxg2 e5 25. Rd1 f4 26. Rxc6 Qxb3 27. Bd6 Qxa4 28. Rc4 Qb5 29. Rd2 a4 30. Rb4 Qa5 31. Qc4+ Kh8 32. Ra2 a3 33. Rb3 b5 34. Rxb5 Qa6 35. dxe5 Rac8 36. Qb3 Qc6 37. Bxa3 Re8 38. Bb2 Qe4 39. Qd3 Qxd3 40. exd3 f3 41. Ne3 Nf4 42. d4 Rcd8 43. Kh2 Nf8 44. d5 N8g6 45. e6 Ne7 46. Raa5 Nc8 47. Rb7 Nh5 48. Nf5 Nd6 49. Nxd6 Rxd6 50. Be5 Rdd8 51. e7 Rc8 52. d6 1-0

[Event "St Petersburg Blitz 2023"]
[Site "St Petersburg"]
[Date "2023.08.25"]
[Round "3"]
[White "Naumovich, Yaroslav"]
[Black "Lobanov, Sergei"]
[Result "0-1"]
[WhiteElo "2124"]
[BlackElo "2520"]
[PlyCount "80"]
[EventDate "2023.08.25"]
[EventType "game (blitz)"]
[EventRounds "11"]
[EventCountry "RUS"]
[SourceTitle "EXT 2024"]
[Source "ChessBase"]
[SourceDate "2023.10.10"]
[SourceVersion "1"]
[SourceVersionDate "2023.10.10"]
[SourceQuality "1"]

1. d4 Nf6 2. c4 e6 3. Nc3 Bb4 4. Qc2 d5 5. Nf3 0-0 6. cxd5 exd5 7. Bg5 c6 8. a3 Bd6 9. e3 Bg4 10. Ne5 Be6 11. f4 Be7 12. Bd3 h6 13. Bxf6 Bxf6 14. 0-0 c5 15. dxc5 Bxe5 16. fxe5 Nd7 17. Ne2 Qg5 18. Rf4 Qxe5 19. Kf2 Rfc8 20. Qc3 Nxc5 21. Rd1 Ne4+ 22. Rxe4 Qxc3 23. Nxc3 dxe4 24. Bxe4 Rd8 25. Bxb7 Rxd1 26. Nxd1 Rd8 27. Ke1 Bg4 28. Nc3 Rb8 29. Bd5 Rxb2 30. h3 Be6 31. Bf3 Rb3 32. Kd2 Rxa3 33. Nb5 Ra2+ 34. Kc3 a5 35. Nd4 Kf8 36. Bc6 Ke7 37. g4 Rh2 38. Be4 Rxh3 39. Kd2 a4 40. Nb5 Bxg4 0-1

[Event "St Petersburg Korchnoi Memorial op"]
[Site "St Petersburg"]
[Date "2023.08.23"]
[Round "8"]
[White "Kurchenko, Egor"]
[Black "Naumovich, Yaroslav"]
[Result "1/2-1/2"]
[WhiteElo "2247"]
[BlackElo "2082"]
[PlyCount "82"]
[EventDate "2023.08.18"]
[EventType "swiss"]
[EventRounds "9"]
[EventCountry "RUS"]
[SourceTitle "EXT 2024"]
[Source "ChessBase"]
[SourceDate "2023.10.10"]
[SourceVersion "1"]
[SourceVersionDate "2023.10.10"]
[SourceQuality "1"]

1. e4 c6 2. d4 d5 3. e5 Bf5 4. Nf3 e6 5. Be2 Nd7 6. c3 Ne7 7. 0-0 c5 8. dxc5 Nxc5 9. Nd4 Bg6 10. a4 Nc6 11. b4 Nd7 12. f4 a5 13. b5 Nxd4 14. cxd4 Bb4 15. Bd3 0-0 16. f5 Bxf5 17. Bxf5 exf5 18. Rxf5 f6 19. Qb3 Nb6 20. exf6 Qc8 21. Rf1 Rxf6 22. Rxf6 gxf6 23. Qg3+ Kf7 24. Bh6 Bf8 25. Be3 Qc2 26. Nd2 Re8 27. Rf1 Re6 28. Nf3 Ke8 29. Rc1 Qe4 30. Bf2 Bd6 31. Qh3 Re7 32. Nh4 Bf4 33. Nf5 Bxh2+ 34. Kxh2 Qf4+ 35. Bg3 Qxc1 36. Nxe7 Kxe7 37. Qxh7+ Ke6 38. Qg8+ Kf5 39. Qh7+ Ke6 40. Qh3+ Ke7 41. Qh7+ Ke6 1/2-1/2

[Event "St Petersburg Korchnoi Memorial op"]
[Site "St Petersburg"]
[Date "2023.08.21"]
[Round "5"]
[White "Naumovich, Yaroslav"]
[Black "Balandina, Alisa"]
[Result "1-0"]
[WhiteElo "2082"]
[BlackElo "1803"]
[PlyCount "115"]
[EventDate "2023.08.18"]
[EventType "swiss"]
[EventRounds "9"]
[EventCountry "RUS"]
[SourceTitle "EXT 2024"]
[Source "ChessBase"]
[SourceDate "2023.10.10"]
[SourceVersion "1"]
[SourceVersionDate "2023.10.10"]
[SourceQuality "1"]

1. d4 d5 2. c4 e6 3. Nc3 Be7 4. Nf3 Nf6 5. Bg5 0-0 6. e3 h6 7. Bh4 a6 8. cxd5 exd5 9. Qb3 c6 10. Bd3 b5 11. a4 b4 12. Ne2 a5 13. Rc1 Bb7 14. 0-0 Nbd7 15. Qc2 Rc8 16. Bf5 c5 17. Bxf6 Bxf6 18. Bxd7 Qxd7 19. dxc5 Rc7 20. Ned4 Rfc8 21. Nb5 Rxc5 22. Qxc5 Rxc5 23. Rxc5 d4 24. Nfxd4 Bxd4 25. Nxd4 Qxa4 26. b3 Qe8 27. Nf5 Qe4 28. f3 Qd3 29. Rxa5 Qxb3 30. Rc1 Kh7 31. e4 g6 32. Rc7 gxf5 33. Rxb7 fxe4 34. fxe4 Qe3+ 35. Kf1 Qf4+ 36. Kg1 Kg7 37. Rf5 Qc1+ 38. Rf1 Qc4 39. Rb1 Qd4+ 40. Kh1 Qxe4 41. R7xb4 Qe2 42. Rf4 Qe3 43. Rbf1 f5 44. Rxf5 Qe4 45. Ra5 Qc2 46. Ra7+ Kg6 47. Raf7 Qe4 48. h3 Qc4 49. R1f6+ Kg5 50. Kh2 h5 51. Rf5+ Kg6 52. Rf4 Qe2 53. R7f6+ Kg7 54. R6f5 Kg6 55. h4 Kh6 56. Rg5 Qe3 57. Rf6+ Kh7 58. Rff5 1-0

[Event "BLR-ch U20"]
[Site "Minsk"]
[Date "2023.04.12"]
[Round "9"]
[White "Strybuk, Artsiom I"]
[Black "Naumovich, Yaroslav"]
[Result "1-0"]
[WhiteElo "2376"]
[BlackElo "2086"]
[PlyCount "97"]
[EventDate "2023.04.12"]
[EventType "tourn"]
[EventRounds "9"]
[EventCountry "BLR"]
[SourceTitle "EXT 2024"]
[Source "ChessBase"]
[SourceDate "2023.10.10"]
[SourceVersion "1"]
[SourceVersionDate "2023.10.10"]
[SourceQuality "1"]

1. e4 c6 2. d4 d5 3. exd5 cxd5 4. Bd3 Nc6 5. c3 Nf6 6. Bf4 Bg4 7. Qb3 Qd7 8. Nd2 e6 9. Ngf3 Bd6 10. Bxd6 Qxd6 11. 0-0 0-0 12. Rfe1 Bxf3 13. Nxf3 Nd7 14. Re3 Rab8 15. Qd1 b5 16. b4 e5 17. dxe5 Ndxe5 18. Nxe5 Nxe5 19. Bxh7+ Kxh7 20. Qh5+ Kg8 21. Rxe5 Qc6 22. Qf3 Rbc8 23. Rxd5 Qxc3 24. Qxc3 Rxc3 25. Rxb5 Ra3 26. g3 Rd8 27. Kg2 Rd2 28. Rb8+ Kh7 29. Rb7 f6 30. b5 Raxa2 31. Rxa2 Rxa2 32. Kf3 a5 33. Ke3 a4 34. Kd4 a3 35. Ra7 Rb2 36. Kc5 a2 37. b6 Rxf2 38. b7 Rb2 39. Kc6 Rc2+ 40. Kd7 Rd2+ 41. Kc7 Rc2+ 42. Kb8 Rxh2 43. Ka8 Rb2 44. b8Q Rxb8+ 45. Kxb8 Kg6 46. Rxa2 Kf5 47. Ra4 g5 48. Kc7 Ke5 49. g4 1-0

[Event "BLR-ch"]
[Site "Minsk"]
[Date "2023.01.13"]
[Round "5"]
[White "Naumovich, Yaroslav"]
[Black "Zarubitski, Viachaslau"]
[Result "0-1"]
[WhiteElo "2163"]
[BlackElo "2458"]
[PlyCount "78"]
[EventDate "2023.01.09"]
[EventType "tourn"]
[EventRounds "9"]
[EventCountry "BLR"]
[EventCategory "4"]
[SourceTitle "CBM 212 Extra"]
[Source "ChessBase"]
[SourceDate "2023.03.31"]
[SourceVersion "1"]
[SourceVersionDate "2023.03.31"]
[SourceQuality "1"]

1. d4 d5 2. c4 e6 3. Nc3 a6 4. cxd5 exd5 5. Qb3 Nf6 6. Bg5 c6 7. Nf3 Be7 8. e3 Nbd7 9. Bd3 h6 10. Bf4 Nh5 11. 0-0 0-0 12. Be5 Nxe5 13. Nxe5 Nf6 14. Rac1 Bd6 15. f4 c5 16. Nxd5 Bxe5 17. dxe5 Nxd5 18. Be4 Ne7 19. f5 Qc7 20. f6 Qxe5 21. fxe7 Qxe7 22. Bd5 Be6 23. Qxb7 Qg5 24. e4 Rab8 25. Qc7 Bxd5 26. exd5 Rxb2 27. Qg3 Qxd5 28. Rfd1 Qxa2 29. Rxc5 Re8 30. Kh1 Rb1 31. Rcc1 Rxc1 32. Rxc1 Qd2 33. Rf1 Qd5 34. h3 a5 35. Qg4 h5 36. Qg3 Re2 37. h4 Rd2 38. Rf3 Qd6 39. Rf4 Rd4 0-1

[Event "BLR-ch"]
[Site "Minsk"]
[Date "2023.01.11"]
[Round "3"]
[White "Naumovich, Yaroslav"]
[Black "Lazavik, Denis"]
[Result "0-1"]
[WhiteElo "2163"]
[BlackElo "2532"]
[PlyCount "138"]
[EventDate "2023.01.09"]
[EventType "tourn"]
[EventRounds "9"]
[EventCountry "BLR"]
[EventCategory "4"]
[SourceTitle "CBM 212 Extra"]
[Source "ChessBase"]
[SourceDate "2023.03.31"]
[SourceVersion "1"]
[SourceVersionDate "2023.03.31"]
[SourceQuality "1"]

1. d4 Nf6 2. c4 e6 3. Nf3 b6 4. e3 Bb7 5. Bd3 d5 6. 0-0 Bd6 7. b3 0-0 8. Bb2 Ne4 9. Nbd2 Nd7 10. Ne5 Bxe5 11. dxe5 Ndc5 12. Nf3 Nxd3 13. Qxd3 Nc5 14. Qe2 dxc4 15. Rfd1 Bxf3 16. Qxf3 Qg5 17. bxc4 Na4 18. Qe2 Rad8 19. Qc2 Nxb2 20. Qxb2 h6 21. Rac1 Qe7 22. h3 c6 23. Qb3 Qc5 24. Qa4 a5 25. Rd4 Qxe5 26. Rxd8 Rxd8 27. Qxc6 Qb2 28. Rf1 g6 29. a4 Qb4 30. Qb5 Qd6 31. Qa6 Qc7 32. g3 Rd6 33. Rb1 Kg7 34. Qb5 Rc6 35. Rc1 Rc5 36. Qb2+ Kh7 37. Qd4 Qc6 38. Qd1 Rxc4 39. Rxc4 Qxc4 40. Qd7 Kg7 41. h4 Qd5 42. Qe8 h5 43. Kh2 Qd2 44. Kg1 Qe1+ 45. Kg2 Qd1 46. e4 Qc2 47. Qb5 Qxe4+ 48. Kh2 Qd4 49. Kg1 Qc5 50. Qb2+ Kg8 51. Qf6 Qd5 52. Kh2 b5 53. axb5 Qxb5 54. Qd8+ Kh7 55. Qf8 Qd7 56. Qa3 a4 57. Qc5 Kg8 58. g4 hxg4 59. h5 Qd5 60. Qc8+ Kg7 61. h6+ Kh7 62. Qf8 Qe5+ 63. Kg1 Qf6 64. Qb4 Kxh6 65. Qxa4 Qf5 66. Qd4 e5 67. Qc3 Qf4 68. Qc5 Kg7 69. Qc3 g3 0-1

[Event "BLR-ch"]
[Site "Minsk"]
[Date "2023.01.10"]
[Round "2"]
[White "Nikitenko, Mihail"]
[Black "Naumovich, Yaroslav"]
[Result "1-0"]
[WhiteElo "2507"]
[BlackElo "2163"]
[PlyCount "121"]
[EventDate "2023.01.09"]
[EventType "tourn"]
[EventRounds "9"]
[EventCountry "BLR"]
[EventCategory "4"]
[SourceTitle "CBM 212 Extra"]
[Source "ChessBase"]
[SourceDate "2023.03.31"]
[SourceVersion "1"]
[SourceVersionDate "2023.03.31"]
[SourceQuality "1"]

1. e4 c6 2. Nf3 d5 3. Nc3 dxe4 4. Nxe4 Nf6 5. Qe2 Nxe4 6. Qxe4 Qd5 7. Qh4 Qf5 8. Bc4 Be6 9. 0-0 Bxc4 10. Qxc4 e6 11. a4 Nd7 12. a5 Rc8 13. d3 Bd6 14. Qd4 Bb8 15. Qxg7 Qf6 16. Qxf6 Nxf6 17. Bd2 Rg8 18. Rfe1 Rd8 19. Ra4 Rd5 20. Bc3 Nd7 21. g3 Kd8 22. Kg2 Bc7 23. Bd2 Nf8 24. a6 b6 25. Rd4 Rxd4 26. Nxd4 Kd7 27. Nf3 Ng6 28. Kf1 f6 29. c4 Ne5 30. Nxe5+ Bxe5 31. b4 Ke7 32. Re4 Kf7 33. Rh4 Rh8 34. Re4 Rd8 35. Ke2 Bb2 36. g4 Rd7 37. g5 f5 38. Rh4 Kg8 39. Rh6 Re7 40. Kd1 Bg7 41. Rh4 Rd7 42. Kc2 e5 43. f4 e4 44. dxe4 fxe4 45. f5 Rd4 46. f6 Bf8 47. f7+ Kxf7 48. Rxh7+ Kg6 49. Rxa7 Rxc4+ 50. Kb3 Rd4 51. Bc3 Rd8 52. Rb7 e3 53. a7 e2 54. Rb8 Rd3 55. Re8 Bg7 56. a8Q Rxc3+ 57. Ka2 Rc1 58. Re6+ Kf5 59. Qe8 Rc2+ 60. Kb1 Rb2+ 61. Kc1 1-0

[Event "BLR-ch"]
[Site "Minsk"]
[Date "2023.01.09"]
[Round "1"]
[White "Naumovich, Yaroslav"]
[Black "Tsaruk, Maksim"]
[Result "1/2-1/2"]
[WhiteElo "2163"]
[BlackElo "2373"]
[PlyCount "85"]
[EventDate "2023.01.09"]
[EventType "tourn"]
[EventRounds "9"]
[EventCountry "BLR"]
[EventCategory "4"]
[SourceTitle "CBM 212 Extra"]
[Source "ChessBase"]
[SourceDate "2023.03.31"]
[SourceVersion "1"]
[SourceVersionDate "2023.03.31"]
[SourceQuality "1"]

1. d4 d5 2. c4 e6 3. Nc3 Nf6 4. Nf3 Bb4 5. Bg5 h6 6. Bxf6 Qxf6 7. e3 0-0 8. Qb3 c5 9. a3 dxc4 10. Bxc4 cxd4 11. axb4 dxc3 12. bxc3 b6 13. 0-0 Bb7 14. Be2 Rc8 15. Nd4 e5 16. Bf3 Bxf3 17. Nxf3 Nc6 18. Qd5 Rc7 19. Rfd1 Re8 20. h3 Qe7 21. e4 Kf8 22. Qb5 Rec8 23. Rd5 Qe8 24. Nxe5 Ne7 25. Qxe8+ Kxe8 26. Rd2 f6 27. Ng4 a5 28. bxa5 Ra7 29. Rda2 bxa5 30. Rxa5 Rxa5 31. Rxa5 Rxc3 32. Ra7 f5 33. exf5 Nxf5 34. Ne3 Nxe3 35. fxe3 Rxe3 36. Rxg7 Re6 37. Kf2 Kf8 38. Ra7 Kg8 39. g4 Rb6 40. Kg3 Rb3+ 41. Kh4 Rb5 42. Rd7 Ra5 43. Kg3 1/2-1/2

[Event "Minsk op"]
[Site "Minsk"]
[Date "2022.08.11"]
[Round "9"]
[White "Bryakin, Mikhail"]
[Black "Naumovich, Yaroslav"]
[Result "1-0"]
[WhiteElo "2429"]
[BlackElo "1957"]
[PlyCount "139"]
[EventDate "2022.08.03"]
[EventType "swiss"]
[EventRounds "9"]
[EventCountry "BLR"]
[SourceTitle "CBM 209 Extra"]
[Source "ChessBase"]
[SourceDate "2022.09.30"]
[SourceVersion "1"]
[SourceVersionDate "2022.09.30"]
[SourceQuality "1"]

1. b3 b6 2. Bb2 Bb7 3. Nf3 Nf6 4. g3 g6 5. Bg2 Bg7 6. 0-0 0-0 7. c4 c5 8. Nc3 d5 9. Nxd5 Nxd5 10. Bxg7 Kxg7 11. cxd5 Bxd5 12. d4 Nd7 13. dxc5 Nxc5 14. Qd4+ Kg8 15. Rfd1 Bxf3 16. Qf4 Qe8 17. Qxf3 Rd8 18. h4 Qb5 19. Qe3 Rd7 20. Bh3 e6 21. Rxd7 Qxd7 22. b4 Na6 23. a3 Nc7 24. h5 Rd8 25. Rc1 Nd5 26. Qe5 Rc8 27. Rd1 Qc7 28. Qxc7 Rxc7 29. h6 Kf8 30. Bg2 Nc3 31. Rd8+ Ke7 32. Rh8 Nxe2+ 33. Kf1 Nd4 34. Be4 Kf6 35. Rxh7 Rc8 36. g4 Ke5 37. f3 f5 38. gxf5 gxf5 39. Bb7 Rd8 40. Rg7 Rh8 41. h7 Kf6 42. Rd7 Nc2 43. Ba6 Kg6 44. Bd3 Ne3+ 45. Ke2 Nd5 46. Rxa7 Rxh7 47. Rxh7 Kxh7 48. Bc4 Nc7 49. a4 Kg6 50. b5 Ne8 51. a5 bxa5 52. b6 Nd6 53. Bxe6 a4 54. Kd2 a3 55. Kc1 Nb7 56. Bd5 Nc5 57. b7 Nd7 58. Kc2 Kf6 59. Kb3 Ke5 60. Bc6 Nb8 61. Bb5 Kd6 62. Kxa3 Kc7 63. Kb4 Kxb7 64. Kc5 Kc7 65. Kd5 Nd7 66. Bxd7 Kxd7 67. Ke5 Ke7 68. Kxf5 Kf7 69. f4 Ke7 70. Kg6 1-0

[Event "Orsha op"]
[Site "Orsha"]
[Date "2021.04.07"]
[Round "3"]
[White "Naumovich, Yaroslav"]
[Black "Tsaruk, Maksim"]
[Result "1/2-1/2"]
[WhiteElo "2022"]
[BlackElo "2306"]
[PlyCount "106"]
[EventDate "2021.04.06"]
[EventType "swiss"]
[EventRounds "9"]
[EventCountry "BLR"]
[SourceTitle "CBM 202 Extra"]
[Source "ChessBase"]
[SourceDate "2021.07.31"]
[SourceVersion "1"]
[SourceVersionDate "2021.07.31"]
[SourceQuality "1"]

1. Nf3 Nf6 2. d4 d5 3. e3 e6 4. c4 dxc4 5. Bxc4 a6 6. a4 c5 7. 0-0 Nc6 8. Nc3 Be7 9. Ne5 cxd4 10. Nxc6 bxc6 11. exd4 0-0 12. a5 Bb7 13. Bf4 c5 14. dxc5 Bxc5 15. Qe2 Qd7 16. Kh1 Qc6 17. f3 Nh5 18. Qe5 Nxf4 19. Qxf4 Qd6 20. Qxd6 Bxd6 21. Na4 Bb4 22. Nb6 Rad8 23. Ra4 Bc5 24. b4 Bxb6 25. axb6 Rd4 26. Bxa6 Ra8 27. Bb5 Rxa4 28. Bxa4 Rxb4 29. Bc2 Rxb6 30. Rb1 Rxb1+ 31. Bxb1 g5 32. h4 gxh4 33. Kh2 Ba6 34. Kh3 Bf1 35. f4 f5 36. Bc2 Kg7 37. Ba4 Kf6 38. Bd1 e5 39. fxe5+ Kxe5 40. Bf3 Bd3 41. Kxh4 Be4 42. Kg3 Bxf3 43. Kxf3 h6 44. g3 h5 45. Ke3 Kf6 46. Kf4 Kg6 47. Ke3 Kg7 48. Kf4 Kf6 49. Ke3 Kg5 50. Kf3 f4 51. gxf4+ Kf5 52. Kg3 h4+ 53. Kxh4 Kxf4 1/2-1/2

[Event "BLR-ch U18"]
[Site "Minsk"]
[Date "2021.02.08"]
[Round "5"]
[White "Siniauski, Artsiom"]
[Black "Naumovich, Yaroslav"]
[Result "1-0"]
[WhiteElo "2275"]
[BlackElo "2025"]
[PlyCount "199"]
[EventDate "2021.02.04"]
[EventType "swiss"]
[EventRounds "9"]
[EventCountry "BLR"]
[SourceTitle "EXT 2022"]
[Source "ChessBase"]
[SourceDate "2021.10.06"]
[SourceVersion "1"]
[SourceVersionDate "2021.10.06"]
[SourceQuality "1"]

1. e4 c6 2. d4 d5 3. Nc3 dxe4 4. Nxe4 Nf6 5. Nxf6+ exf6 6. c3 Bd6 7. Bd3 0-0 8. Qc2 Re8+ 9. Ne2 h6 10. 0-0 Qc7 11. h3 Nd7 12. Be3 Nf8 13. c4 Ne6 14. Rae1 Bd7 15. f4 c5 16. d5 Nf8 17. Bc1 Re7 18. Rf2 Rae8 19. Ref1 f5 20. b3 f6 21. Nc3 g6 22. g3 a6 23. Kg2 Kg7 24. Re2 Qd8 25. Kf3 Rxe2 26. Nxe2 h5 27. Bd2 Qe7 28. Re1 b6 29. Qc1 Qd8 30. Bc3 Kf7 31. Qa3 Qc8 32. Qb2 Nh7 33. Qd2 Re7 34. Rb1 Qe8 35. a3 a5 36. b4 axb4 37. axb4 Re4 38. b5 Re7 39. Ra1 Qb8 40. Qa2 Bc8 41. Qa8 Bb7 42. Qxb8 Bxb8 43. Bd2 Nf8 44. Nc3 Bc7 45. Be3 Bb8 46. Kf2 Nd7 47. Be2 Re8 48. Bf3 Bd6 49. Ra7 Rb8 50. Bc1 Ke7 51. Bb2 Kd8 52. Nd1 Kc7 53. Ne3 Rg8 54. Ng2 Rg7 55. Ra1 Rf7 56. Nh4 Nf8 57. Re1 Bc8 58. Bc3 Bd7 59. Ra1 Kb7 60. Ra6 Bc8 61. Ra2 Bd7 62. Bd2 Bc8 63. Ng2 Re7 64. Bc3 Rf7 65. Ke3 Nd7 66. Kd3 Kb8 67. Re2 Nf8 68. Re8 Kc7 69. Nh4 Kd7 70. Re1 Kc7 71. Ra1 Kb8 72. Ra2 Kc7 73. Ra7+ Bb7 74. Be2 Kb8 75. Ra1 Bc8 76. Ke3 Re7+ 77. Kf2 Rf7 78. Ng2 Nd7 79. Bd3 Nf8 80. Kf3 Kb7 81. Ne3 Nd7 82. g4 hxg4+ 83. hxg4 fxg4+ 84. Nxg4 Rh7 85. Kg3 f5 86. Ne5 g5 87. Bxf5 gxf4+ 88. Kf2 Nxe5 89. Bxh7 Nxc4 90. Bd3 Ne3 91. Bd2 Nxd5 92. Be4 Be6 93. Rd1 Be5 94. Bxf4 Bd4+ 95. Kf3 Kc8 96. Rh1 Nxf4 97. Kxf4 Kd7 98. Bf5 Bxf5 99. Kxf5 c4 100. Rd1 1-0